[Event "Open Semana Santa 2023"]
[Site "?"]
[Date "2023.04.08"]
[Round "6.105"]
[White "IM Cruz, Jonathan"]
[Black "Bethencourt Hernandez, Alberto"]
[Result "1-0"]
[WhiteElo "2340"]
[BlackElo "1882"]
[PlyCount "117"]

1. Nf3 Nf6 2. c4 g6 3. b4 Bg7 4. Bb2 O-O 5. g3 c6 6. Bg2 Qb6 7. a3 d6 8. O-O a5
9. Bd4 Qc7 10. b5 e5 11. Bb2 Be6 12. c5 Nbd7 13. cxd6 Qxd6 14. bxc6 bxc6 15. a4
Rfb8 16. Ba3 Qc7 17. Nc3 Bb3 18. Qc1 Nd5 19. Bb2 N7b6 20. Nxd5 Bxd5 21. Ng5 Qe7
22. Ne4 Nc4 23. Bc3 f5 24. d3 fxe4 25. dxc4 Bxc4 26. Bxe4 Bd5 27. Qe3 Rb3 28.
Rfc1 Qe6 29. Rc2 Rab8 30. Rac1 Ra3 31. Qa7 Rf8 32. Bxd5 Qxd5 33. Qxa5 Bh6 34.
e3 Qxa5 35. Bxa5 Rxa4 36. Bc7 e4 37. Bd6 Rc8 38. Rxc6 Rxc6 39. Rxc6 Bg7 40.
Rc8+ Kf7 41. Rc7+ Ke6 42. Rxg7 Kxd6 43. Rxh7 Ke6 44. h4 Kf5 45. Rf7+ Kg4 46.
Kg2 Rb4 47. Rf4+ Kh5 48. Kh3 Rb2 49. g4+ Kh6 50. Rf7 g5 51. Rf6+ Kg7 52. hxg5
Rb5 53. Rf5 Rb1 54. Rf4 Kg6 55. Rxe4 Kxg5 56. f4+ Kf6 57. g5+ Kf5 58. Re5+ Kg6
59. Kg4 1-0

[Event "Open Semana Santa 2023"]
[Site "?"]
[Date "2023.04.08"]
[Round "6.106"]
[White "FM Castellanos Gomez, Alejandro"]
[Black "Kocharyan Baghdasaryan, Arman"]
[Result "1-0"]
[WhiteElo "2277"]
[BlackElo "1881"]
[PlyCount "107"]

1. d4 Nf6 2. c4 g6 3. Nc3 Bg7 4. e4 d6 5. Nf3 O-O 6. Be2 Nbd7 7. O-O e5 8. Be3
Ng4 9. Bg5 f6 10. Bh4 h5 11. h3 Nh6 12. Bg3 Nf7 13. Qc2 Re8 14. Rad1 a5 15. a3
c6 16. d5 Qc7 17. b4 axb4 18. axb4 Bh6 19. Ne1 c5 20. Nb5 Qb6 21. Kh1 cxb4 22.
f3 Nc5 23. Bf2 Bd7 24. Qb1 Bxb5 25. cxb5 b3 26. Nd3 Ra2 27. Nb2 Rea8 28. Bc4
Qc7 29. Bxc5 Qxc5 30. Bxb3 R2a3 31. Bc4 b6 32. Qc2 Nd8 33. Nd3 Qc7 34. Nb4 R8a4
35. Nc6 Nb7 36. Rd3 Ra1 37. Rdd1 R1a3 38. Rd3 Ra1 39. Rxa1 Rxa1+ 40. Rd1 Rxd1+
41. Qxd1 Nc5 42. Qa1 Qb7 43. Kh2 h4 44. Kh1 Bf4 45. Qa7 Bd2 46. Qa2 Bf4 47. Kg1
Be3+ 48. Kf1 Bf4 49. Ke2 Bg5 50. Qa7 Kf8 51. Qa3 Ke8 52. Kf2 Bf4 53. Nb4 Kd7
54. Na6 1-0

[Event "Open Semana Santa 2023"]
[Site "?"]
[Date "2023.04.08"]
[Round "6.107"]
[White "FM Garcia Molina, Jose"]
[Black "Martinez Soriano, Pablo"]
[Result "1-0"]
[WhiteElo "2251"]
[BlackElo "1877"]
[PlyCount "81"]

1. d4 e6 2. c4 Bb4+ 3. Bd2 a5 4. a3 Bxd2+ 5. Qxd2 Nf6 6. Nc3 d6 7. g3 O-O 8.
Bg2 e5 9. Nf3 Qe7 10. O-O Nbd7 11. Rad1 c6 12. e4 Re8 13. Rfe1 g6 14. h3 Kg7
15. Nh2 Nb6 16. Bf1 h6 17. Qe3 Nbd7 18. Qd2 Nb6 19. f4 Nh5 20. Qf2 exf4 21. g4
Nf6 22. Qxf4 Nh7 23. Nf3 Ng5 24. Qg3 Bd7 25. Kg2 Rad8 26. b4 axb4 27. axb4 c5
28. bxc5 dxc5 29. d5 Na4 30. Nxg5 Qxg5 31. e5 Nxc3 32. Qxc3 Kh7 33. Rb1 Bc8 34.
Qe3 Qh4 35. Qg3 Qg5 36. Rb6 h5 37. gxh5 Qxh5 38. Bd3 Re7 39. Re4 Kg8 40. e6 Rf8
41. exf7+ 1-0

[Event "Open Semana Santa 2023"]
[Site "?"]
[Date "2023.04.08"]
[Round "6.108"]
[White "Aura, Kristian"]
[Black "CM Villa Tornero, Alex"]
[Result "0-1"]
[WhiteElo "1877"]
[BlackElo "2216"]
[PlyCount "84"]

1. d4 Nf6 2. Nf3 e6 3. c4 c5 4. d5 exd5 5. cxd5 d6 6. Nc3 g6 7. e4 Bg7 8. Bf4
O-O 9. Be2 Re8 10. Nd2 b6 11. O-O Ba6 12. Bxa6 Nxa6 13. Re1 Nh5 14. Be3 Qd7 15.
a4 Nc7 16. Qc2 a6 17. Nc4 Rab8 18. f3 f5 19. exf5 gxf5 20. Bf2 Rxe1+ 21. Rxe1
b5 22. axb5 axb5 23. Ne3 Rf8 24. Qd2 Nf4 25. Kh1 Ng6 26. Ne2 f4 27. Nd1 b4 28.
Bg1 Rf5 29. Nf2 Rxd5 30. Qc1 Be5 31. Ne4 Qb5 32. g3 Qd3 33. Kg2 Ne6 34. Qa1
fxg3 35. hxg3 Bxg3 36. Kxg3 Rf5 37. Qa8+ Kf7 38. Nf2 Qd2 39. Qb7+ Ne7 40. Rd1
Qxe2 41. Rxd6 Qe5+ 42. Kg4 Rg5+ 0-1

[Event "Open Semana Santa 2023"]
[Site "?"]
[Date "2023.04.08"]
[Round "6.110"]
[White "Jimenez Carrazoni, Javier"]
[Black "Kolas, Tore"]
[Result "1/2-1/2"]
[WhiteElo "1848"]
[BlackElo "2159"]
[PlyCount "113"]

1. e4 c5 2. Nf3 g6 3. d4 cxd4 4. Nxd4 Nc6 5. c4 Nf6 6. Nc3 d6 7. f3 Nxd4 8.
Qxd4 Bg7 9. Bg5 O-O 10. Qd2 Qa5 11. Rc1 Be6 12. b3 Rfc8 13. Bd3 Kf8 14. Nd5
Qxd2+ 15. Kxd2 Nxd5 16. exd5 Bd7 17. Rhe1 Re8 18. a4 a5 19. Be3 Bb2 20. Rb1 Ba3
21. Kc2 f6 22. h4 Kf7 23. Bd4 h5 24. Re2 Bb4 25. Rg1 Rh8 26. g3 Rac8 27. Kb2
Bc5 28. Kc3 b6 29. Rh2 Bf5 30. Re2 Bd7 31. Rh1 Rcg8 32. Reh2 Bf5 33. Bf2 Bd7
34. Bd4 Re8 35. Rg1 e5 36. dxe6+ Bxe6 37. g4 hxg4 38. fxg4 Reg8 39. g5 f5 40.
Rf1 Rh7 41. h5 Bxd4+ 42. Kxd4 Rxh5 43. Rxh5 gxh5 44. Bxf5 Rxg5 45. Bh3+ Ke7 46.
Bxe6 Kxe6 47. Rf8 Rg3 48. Rh8 Rxb3 49. Rxh5 Rb4 50. Rh6+ Kd7 51. Kd5 Rxa4 52.
Rxd6+ Kc7 53. c5 bxc5 54. Kxc5 Rc4+ 55. Kxc4 Kxd6 56. Kb5 a4 57. Kxa4 1/2-1/2

[Event "Open Semana Santa 2023"]
[Site "?"]
[Date "2023.04.08"]
[Round "6.111"]
[White "Tudela Gonzalez, Victor"]
[Black "Deusa Ballesteros, Luis Miguel"]
[Result "0-1"]
[WhiteElo "2094"]
[BlackElo "1873"]
[PlyCount "112"]

1. d4 d5 2. c4 c6 3. Nf3 Nf6 4. e3 e6 5. b3 Nbd7 6. Bb2 Bd6 7. Bd3 O-O 8. O-O
Qc7 9. c5 Be7 10. Nbd2 Re8 11. Rc1 h6 12. b4 Bf8 13. h3 g6 14. a3 Bg7 15. Ne5
Nxe5 16. dxe5 Nd7 17. f4 b6 18. Nb3 bxc5 19. Nxc5 Nxc5 20. Rxc5 Bf8 21. Bd4
Bxc5 22. Bxc5 a5 23. Bb1 axb4 24. axb4 Bd7 25. Qg4 Kh7 26. h4 Rg8 27. h5 Qc8
28. Qh4 Qd8 29. Be7 Qe8 30. Bf6 Qf8 31. Kh2 Ra3 32. Qh3 Rb3 33. Rh1 d4 34. Qh4
dxe3 35. Kg3 Rxb1 36. Rxb1 gxh5+ 37. Kf3 Qb8 38. Qxh5 Rg6 39. Rd1 Qb7 40. Kxe3
c5 41. g4 cxb4 42. f5 exf5 43. gxf5 Qb6+ 44. Rd4 Rg3+ 45. Kf2 Qxd4+ 46. Kxg3
Qg1+ 47. Kf4 Qf2+ 48. Ke4 Bc6+ 49. Kd3 Bb5+ 50. Ke4 Qc2+ 51. Ke3 Qc3+ 52. Ke4
Bc6+ 53. Kf4 Qd2+ 54. Kg3 Qe3+ 55. Kh4 Qf2+ 56. Kh3 Bg2+ 0-1

[Event "Open Semana Santa 2023"]
[Site "?"]
[Date "2023.04.08"]
[Round "6.112"]
[White "Cuenca Jimenez, Francisco Javier"]
[Black "Morales Carmona, Jose Manuel"]
[Result "1-0"]
[WhiteElo "2094"]
[BlackElo "1849"]
[PlyCount "41"]

1. e4 c5 2. c4 e6 3. Nc3 Nc6 4. Nf3 b6 5. Be2 Bb7 6. O-O Nf6 7. h3 d5 8. exd5
exd5 9. cxd5 Nxd5 10. Bc4 Nf6 11. Ng5 Ne5 12. Re1 Qd4 13. Nxf7 Be7 14. Nxe5 Rf8
15. Nb5 Qh4 16. Nc7+ Kd8 17. Ne6+ Kc8 18. Nxf8 h5 19. Nfg6 Qg5 20. Nxe7+ Kc7
21. Nf3 1-0

[Event "Open Semana Santa 2023"]
[Site "?"]
[Date "2023.04.08"]
[Round "6.113"]
[White "Atienza Alvarez, Javier"]
[Black "Martinez Manzanares, Alejandro"]
[Result "1-0"]
[WhiteElo "2089"]
[BlackElo "1839"]
[PlyCount "29"]

1. d4 d5 2. Nf3 Nf6 3. c4 c6 4. Qc2 g6 5. cxd5 cxd5 6. Bf4 Bg7 7. e3 O-O 8. Nc3
Nc6 9. h3 Bf5 10. Qb3 Na5 11. Qb4 Be4 12. Be2 b6 13. O-O Nc6 14. Qa4 Qd7 15.
Bb5 1-0

[Event "Open Semana Santa 2023"]
[Site "?"]
[Date "2023.04.08"]
[Round "6.114"]
[White "Manzanares Lopez, Alejandro"]
[Black "FM Lacrosse, Marc"]
[Result "0-1"]
[WhiteElo "1845"]
[BlackElo "2081"]
[PlyCount "38"]

1. e4 e5 2. Nf3 Nc6 3. Bc4 Bc5 4. c3 Nf6 5. d4 exd4 6. e5 d5 7. Bb5 Ne4 8. cxd4
Bb6 9. h3 O-O 10. O-O f6 11. Nc3 fxe5 12. Bxc6 bxc6 13. Nxe5 Nxf2 14. Qe2 Bxd4
15. Nxc6 Nxh3+ 16. Kh2 Qd6+ 17. g3 Rxf1 18. Ne7+ Qxe7 19. Qxe7 Bg1+ 0-1

[Event "Open Semana Santa 2023"]
[Site "?"]
[Date "2023.04.08"]
[Round "6.115"]
[White "Stromhaug, Kristoffer Wang"]
[Black "Cayon Pelaez, Pablo"]
[Result "1/2-1/2"]
[WhiteElo "1842"]
[BlackElo "2079"]
[PlyCount "143"]

1. e4 e5 2. Nf3 Nc6 3. d4 exd4 4. Nxd4 Qf6 5. Be3 Bc5 6. c3 Nge7 7. Bc4 O-O 8.
O-O Bb6 9. f4 d6 10. Nc2 Be6 11. Bd3 Bd7 12. Nd2 Ng6 13. Kh1 Rae8 14. Bxb6 axb6
15. Ne3 Qd8 16. Bc2 f6 17. Qh5 Nge7 18. Bb3+ Kh8 19. Rae1 f5 20. Bc2 g6 21. Qg5
fxe4 22. Nxe4 Nf5 23. Nd5 Nce7 24. Nxe7 Qxe7 25. Qxe7 Rxe7 26. g4 Bc6 27. Kg1
Nh6 28. g5 Rfe8 29. gxh6 Bxe4 30. Bxe4 Rxe4 31. Rxe4 Rxe4 32. Rf2 Kg8 33. Kg2
Kf7 34. Kf3 d5 35. Kg4 Kf6 36. h4 Re1 37. Kf3 Re4 38. Rg2 c6 39. h5 gxh5 40.
Rg7 Re7 41. Rg5 h4 42. Rh5 Re1 43. Rxh4 Rb1 44. Rh2 Rg1 45. Kf2 Ra1 46. a3 Kf5
47. Rg2 Rh1 48. Rg7 Rxh6 49. Rxb7 Rh2+ 50. Kf3 Rxb2 51. Rxh7 Rb3 52. Rh5+ Kg6
53. Kg4 Rxc3 54. f5+ Kg7 55. Rg5+ Kf7 56. Rg6 Ke7 57. Rg7+ Ke8 58. f6 Rxa3 59.
Re7+ Kf8 60. Rb7 b5 61. Kf5 Re3 62. Rb8+ Re8 63. Rb7 Re1 64. Rb8+ Kf7 65. Rb7+
Kg8 66. Rb8+ Kh7 67. Rb7+ Kh6 68. Rb8 Rf1+ 69. Ke6 Re1+ 70. Kf5 Rf1+ 71. Ke6
Re1+ 72. Kf5 1/2-1/2

[Event "Open Semana Santa 2023"]
[Site "?"]
[Date "2023.04.08"]
[Round "6.116"]
[White "Prochaieva, Alina"]
[Black "WIM Varela La Madrid, Tilsia Carolin"]
[Result "0-1"]
[WhiteElo "1820"]
[BlackElo "2078"]
[PlyCount "90"]

1. d4 d5 2. c4 c6 3. Nc3 Nf6 4. Nf3 e6 5. cxd5 cxd5 6. Bg5 Be7 7. e3 Qb6 8. Qb3
Qxb3 9. axb3 Bd7 10. Ne5 Bb4 11. Bxf6 gxf6 12. Nd3 Bd6 13. Ke2 Na6 14. Kf3 Ke7
15. Be2 Nc7 16. g3 a6 17. Rhc1 Bc6 18. Kg4 e5 19. dxe5 fxe5 20. Kh3 h5 21. Na4
h4 22. g4 Ne6 23. Nb6 Rag8 24. b4 d4 25. f3 dxe3 26. Nc4 Ng5+ 27. Kg2 e4 28.
Nde5 exf3+ 29. Bxf3 h3+ 30. Kf1 Nxf3 31. Nxc6+ bxc6 32. Nxd6 Kxd6 33. Ke2 Nxh2
34. Rxa6 Nxg4 35. Raxc6+ Ke7 36. Rc7+ Kf6 37. Rf1+ Kg5 38. Rcxf7 h2 39. Rh1 Rf8
40. Rg7+ Kh4 41. b5 Rf2+ 42. Kd3 Rxb2 43. Kc4 Kg3 44. Ra7 Kg2 45. Raa1 Nf2 0-1

[Event "Open Semana Santa 2023"]
[Site "?"]
[Date "2023.04.08"]
[Round "6.117"]
[White "Martino Girones, Gonzalo"]
[Black "WFM Guillo Longares, Cecilia"]
[Result "1/2-1/2"]
[WhiteElo "1827"]
[BlackElo "2078"]
[Annotator "Usuario"]
[PlyCount "141"]

1. Nf3 g6 2. d4 Nf6 3. e3 c5 4. Be2 Bg7 5. O-O O-O 6. dxc5 Qc7 7. b4 a5 8. b5
Ne4 9. Nd4 Nxc5 10. c4 d6 11. Bb2 Nbd7 12. Nd2 Nb6 13. Rc1 a4 14. Qc2 e5 15.
N4f3 f5 16. Rfd1 h6 17. Nf1 Be6 18. Ba3 Rfc8 19. Ng3 Bf8 20. e4 f4 21. Nf1 Qf7
22. N1d2 g5 23. h3 Be7 24. Ne1 h5 25. Nd3 Ncd7 26. Nb2 g4 27. hxg4 hxg4 28. Qd3
Nc5 29. Qc2 Kg7 30. Bxc5 Rxc5 31. Kf1 Qh5 32. Ke1 Qh1+ 33. Bf1 Rcc8 34. a3 Kf6
35. Qd3 Nd7 36. Qc3 Nc5 37. Nd3 Nxd3+ 38. Qxd3 Rh8 39. g3 Rh3 40. Rc3 Qg1 41.
Nb1 Bd8 42. Qxd6 Ba5 43. gxf4 Bxc3+ 44. Nxc3 Kf7 45. Qc7+ Kg8 46. Qxe5 Bxc4 47.
Qg5+ Kh8 48. Qf6+ Kg8 49. Qg5+ Kh8 50. Qf6+ Kg8 51. Rd8+ Rxd8 52. Qxd8+ Kg7 53.
Qd4+ Kf8 54. Qxc4 Rf3 55. Qc8+ Kg7 56. Qxb7+ Kg8 57. Qc8+ Kg7 58. Qd7+ Kf8 59.
Qd6+ Kg8 60. Qe6+ Kf8 61. Qf6+ Ke8 62. Qh8+ Kf7 63. Qh7+ Kf8 64. Qf5+ Ke8 65.
Qe5+ Kf7 66. Qf5+ Ke8 $11 67. Qg6+ Kf8 68. Qf6+ Ke8 $11 69. Qh8+ Kf7 70. Qh7+
Kf8 71. Qf5+ 1/2-1/2

[Event "Open Semana Santa 2023"]
[Site "?"]
[Date "2023.04.08"]
[Round "6.118"]
[White "CM Bazilius, Augustinas"]
[Black "Lopez Martinez, Jaime"]
[Result "1/2-1/2"]
[WhiteElo "2073"]
[BlackElo "1808"]
[Annotator "Usuario"]
[PlyCount "80"]

1. d4 Nf6 2. c4 e6 3. Nf3 d5 4. g3 c5 5. cxd5 exd5 6. Nc3 Nc6 7. Bg2 Be7 8. O-O
c4 9. Ne5 Be6 10. Nxc6 bxc6 11. b3 cxb3 12. axb3 O-O 13. Na4 Bf5 14. Bg5 Bb4
$11 15. Nc5 a5 16. Ra4 Re8 17. Bd2 Bxc5 18. dxc5 Qe7 19. Bc3 Nd7 20. Bxa5 Qxc5
21. Bb4 Qc2 22. Qxc2 Bxc2 23. Rxa8 Rxa8 24. Rc1 Ra2 25. Bd6 f5 $11 26. b4 Ba4
27. Bh3 g6 28. g4 fxg4 29. Bxg4 Nf6 30. Be6+ Kg7 31. Be5 Rxe2 32. f4 Kf8 33.
Ra1 Ke7 34. Bh3 Re3 35. Kg2 Bc2 36. Ra7+ Ke8 37. Be6 Ne4 38. Rxh7 Re2+ 39. Kh3
Ng5+ 40. fxg5 Rxe5 1/2-1/2

[Event "Open Semana Santa 2023"]
[Site "?"]
[Date "2023.04.08"]
[Round "6.119"]
[White "Pham Guerrero, Sergi"]
[Black "Schafer, Guillermo"]
[Result "1-0"]
[WhiteElo "2069"]
[BlackElo "1802"]
[PlyCount "61"]

1. e4 e6 2. d4 d5 3. e5 c5 4. c3 Nc6 5. Nf3 Bd7 6. Bd3 cxd4 7. O-O Nge7 8. cxd4
Ng6 9. Nc3 Be7 10. a3 Rc8 11. g3 O-O 12. h4 Re8 13. Ng5 Bxg5 14. hxg5 a6 15.
Be3 Nf8 16. Kg2 g6 17. Rh1 Ne7 18. g4 Qb6 19. Qe2 Rc7 20. Rh6 Rec8 21. Rah1 Qb3
22. Qf3 Qxb2 23. Rxh7 Nxh7 24. Qh3 Rxc3 25. Qxh7+ Kf8 26. Qh6+ Ke8 27. Qh8+ Ng8
28. Qxg8+ Ke7 29. Qg7 Rg8 30. Qxg8 Rxd3 31. Rh8 1-0

[Event "Open Semana Santa 2023"]
[Site "?"]
[Date "2023.04.08"]
[Round "6.120"]
[White "Jimenez Carrazoni, Marta Elena"]
[Black "Justiniano Marquez, Marco Antoni"]
[Result "1/2-1/2"]
[WhiteElo "1799"]
[BlackElo "2068"]
[PlyCount "149"]

1. d4 d6 2. c4 Nf6 3. Nc3 e5 4. d5 a5 5. e4 Na6 6. Bg5 Nc5 7. Bd3 Be7 8. Be3
O-O 9. Bxc5 dxc5 10. Nf3 Bd6 11. O-O Re8 12. Bc2 g6 13. Ba4 Rf8 14. Re1 Nh5 15.
Qd2 Kg7 16. Ne2 Bg4 17. Qc3 Qe7 18. h3 Bc8 19. Nc1 Nf4 20. Nd3 Nxd3 21. Qxd3
Kg8 22. Qe3 Kg7 23. Rad1 h6 24. Qc3 f6 25. Re3 Rh8 26. Nh2 h5 27. Rde1 Ra6 28.
Bb5 Ra8 29. Ba4 g5 30. f3 Kg6 31. g4 Rh7 32. Nf1 h4 33. R3e2 Rh8 34. Ne3 Bd7
35. Bxd7 Qxd7 36. Nf5 Rhb8 37. b3 b5 38. cxb5 Qxb5 39. Rb2 Qb4 40. Qxb4 axb4
41. Rc1 Ra6 42. Ne3 Rba8 43. Rcc2 Kf7 44. Nc4 Ke7 45. Kf1 Kd7 46. Rd2 R8a7 47.
Ke2 Ra8 48. Kd1 Ke7 49. Kc1 Rb8 50. Rbc2 Rb5 51. Kb1 Kd7 52. Rd1 Rb8 53. Nb2
Rba8 54. Nc4 R8a7 55. Ne3 Ke7 56. Rdd2 Ra5 57. Nc4 R5a6 58. Rb2 Kd7 59. Rdc2
Ke7 60. Ne3 Ra5 61. Nd1 Kd7 62. Nf2 Ke7 63. Rc4 Kd7 64. Rbc2 Rb7 65. Nd3 Rbb5
66. Kb2 Ke7 67. Kb1 Kd7 68. Nb2 Kd8 69. Nd1 Kd7 70. Ne3 Ke7 71. Rc1 Rb8 72.
R4c2 Rba8 73. Nc4 Rb5 74. Nb2 Raa5 75. Nc4 1/2-1/2

[Event "Open Semana Santa 2023"]
[Site "?"]
[Date "2023.04.08"]
[Round "6.121"]
[White "Andries, Alf"]
[Black "Valiente Uruena, Sergio"]
[Result "1-0"]
[WhiteElo "2067"]
[BlackElo "1790"]
[PlyCount "87"]

1. e4 c5 2. Nf3 e6 3. d4 cxd4 4. Nxd4 a6 5. c4 Nf6 6. Nc3 Qc7 7. a3 b6 8. Be3
Bb7 9. f3 Nc6 10. Be2 Be7 11. O-O O-O 12. Qd2 Bd6 13. Kh1 Bxh2 14. f4 Bg3 15.
e5 Ne8 16. Nf3 Ne7 17. Bd3 Nf5 18. Bxf5 exf5 19. Na4 Qc6 20. Nxb6 Qh6+ 21. Kg1
d6 22. Nxa8 Bxa8 23. Rad1 dxe5 24. fxe5 f4 25. Bf2 Qh5 26. Bxg3 fxg3 27. Qg5
Bxf3 28. Qxh5 Bxh5 29. Rd7 g6 30. c5 Ng7 31. c6 Bg4 32. Ra7 Be2 33. Rc1 Ne6 34.
c7 Rc8 35. Rb7 Kg7 36. a4 h5 37. b4 h4 38. b5 axb5 39. axb5 g5 40. b6 g4 41.
Rb8 Ba6 42. b7 Rxc7 43. Rxc7 Nxc7 44. Rg8+ 1-0

[Event "Open Semana Santa 2023"]
[Site "?"]
[Date "2023.04.08"]
[Round "6.122"]
[White "Exposito Milan, Adrian"]
[Black "Viudes Serra, Aaron"]
[Result "1-0"]
[WhiteElo "2053"]
[BlackElo "1787"]
[PlyCount "91"]

1. d4 f5 2. Nf3 Nf6 3. g3 b6 4. Bg2 Bb7 5. c4 e6 6. O-O Be7 7. Nc3 O-O 8. d5
exd5 9. cxd5 Ne8 10. e4 fxe4 11. Nxe4 Na6 12. Bf4 Nc5 13. Nfg5 Rf5 14. Nxc5
Bxc5 15. Qg4 Rf8 16. Rad1 h6 17. Ne4 Nf6 18. Qg6 Nxe4 19. Bxe4 Qf6 20. Qh7+ Kf7
21. Bc2 Rh8 22. Qd3 Rae8 23. d6 cxd6 24. b4 Be4 25. Qb3+ d5 26. Bxe4 Rxe4 27.
Qxd5+ Re6 28. bxc5 bxc5 29. Qxd7+ Re7 30. Qd5+ Kg6 31. Qxc5 Kh7 32. Rd6 Qf7 33.
Qc2+ g6 34. h4 h5 35. Bg5 Rc7 36. Qb3 Qf5 37. Qe6 Rf8 38. Qxf5 Rxf5 39. Re1
Rff7 40. Ree6 Kg7 41. a4 Rc5 42. Ra6 Rc4 43. a5 Rb4 44. Re7 Rb7 45. Rxb7 Rxb7
46. Be3 1-0

[Event "Open Semana Santa 2023"]
[Site "?"]
[Date "2023.04.08"]
[Round "6.123"]
[White "Arroyo Rodriguez, Jesus"]
[Black "Cerdo Fernandez, Miguel"]
[Result "1-0"]
[WhiteElo "2048"]
[BlackElo "1873"]
[PlyCount "77"]

1. e4 c5 2. Nf3 Nc6 3. c3 d5 4. exd5 Qxd5 5. d4 Bg4 6. Be2 e6 7. Be3 cxd4 8.
cxd4 Bb4+ 9. Nc3 Nf6 10. O-O Qd8 11. h3 Bh5 12. Qb3 O-O 13. Rfd1 Qe7 14. Bg5
Ba5 15. Ne4 Rfd8 16. Qe3 Bb6 17. Qf4 Nd5 18. Qh4 f6 19. Qxh5 fxg5 20. Nexg5 h6
21. Bc4 hxg5 22. Nxg5 Qf6 23. Bxd5 exd5 24. Re1 Qh6 25. Qf7+ Kh8 26. Qf5 Rf8
27. Nf7+ Rxf7 28. Qxf7 Nxd4 29. Qxd5 Rd8 30. Qe4 Qf6 31. Rad1 Rf8 32. Rf1 Nc6
33. Rd5 g6 34. Kh1 Rd8 35. Rxd8+ Bxd8 36. Rd1 Be7 37. Rd7 b6 38. Rc7 Ne5 39. f4
1-0

[Event "Open Semana Santa 2023"]
[Site "?"]
[Date "2023.04.08"]
[Round "6.124"]
[White "Sarto Ramos, Angel"]
[Black "Martinez Ramos, Paula"]
[Result "1/2-1/2"]
[WhiteElo "1790"]
[BlackElo "2042"]
[Annotator "Usuario"]
[PlyCount "61"]

1. Nf3 Nf6 2. d4 e6 3. e3 b6 4. Bd3 Bb7 5. Nbd2 d5 6. O-O c5 7. c3 Be7 8. Qe2
cxd4 9. exd4 O-O 10. Ne5 Nbd7 11. f4 Qc7 12. Rf3 Rfd8 13. Rh3 Nf8 14. g4 Ng6
15. Nxg6 hxg6 16. Qf3 Qc6 17. Nf1 Ne4 18. Ng3 Bd6 19. f5 Bxg3 20. hxg3 exf5 21.
gxf5 Qf6 22. g4 g5 23. Bxe4 dxe4 24. Qe3 Bd5 25. Qxg5 Qxg5 26. Bxg5 f6 27. Be3
Kf7 28. Kg2 b5 29. a3 a5 30. Rhh1 Rdc8 31. Rhc1 $11 1/2-1/2

[Event "Open Semana Santa 2023"]
[Site "?"]
[Date "2023.04.08"]
[Round "6.125"]
[White "Sanchez Peral, Pedro"]
[Black "Fuentes Guinot, Alejandro"]
[Result "0-1"]
[WhiteElo "1761"]
[BlackElo "2077"]
[PlyCount "124"]

1. e4 e5 2. Nf3 Nc6 3. Bb5 a6 4. Bxc6 dxc6 5. O-O Qd6 6. d4 exd4 7. Qxd4 Qxd4
8. Nxd4 Bd7 9. Be3 O-O-O 10. Nc3 Re8 11. a3 Nf6 12. f3 Bc5 13. Rad1 Nd5 14.
Nxd5 cxd5 15. Kf2 dxe4 16. f4 Be7 17. Rd2 Bf6 18. c3 Rd8 19. Rc1 Rhe8 20. Ke2
Bg4+ 21. Kf2 Bd7 22. Ke2 h5 23. Kf2 b6 24. Rcd1 c5 25. Ne2 Ba4 26. Rxd8+ Bxd8
27. Rd2 Bh4+ 28. g3 Bf6 29. Rd5 g6 30. f5 g5 31. h3 Kc7 32. g4 hxg4 33. hxg4
Rh8 34. Kg2 Rh4 35. Bf2 Bc6 36. Bxh4 Bxd5 37. Bg3+ Kc6 38. Kf2 b5 39. Ke3 a5
40. Be1 Be5 41. Bg3 Kd6 42. Bxe5+ Kxe5 43. Ng3 f6 44. Nf1 Bb3 45. Ng3 Bd1 46.
Nxe4 Bxg4 47. Nxc5 Bxf5 48. b4 axb4 49. cxb4 Kd5 50. a4 bxa4 51. Nxa4 Bd7 52.
Nc3+ Ke5 53. b5 f5 54. b6 Bc6 55. Ne2 f4+ 56. Kf2 g4 57. Nc3 g3+ 58. Kg1 f3 59.
Kf1 Kd4 60. Nd1 Bb7 61. Nb2 Ba6+ 62. Kg1 f2+ 0-1

[Event "Open Semana Santa 2023"]
[Site "?"]
[Date "2023.04.08"]
[Round "6.126"]
[White "Rubial Blanco, Heriberto"]
[Black "FM Varga, Mariano"]
[Result "1/2-1/2"]
[WhiteElo "1740"]
[BlackElo "2026"]
[PlyCount "95"]

1. e4 c5 2. Nf3 d6 3. c3 a6 4. d4 Nf6 5. Bd3 e6 6. O-O Be7 7. Qe2 Nbd7 8. a4
Qc7 9. e5 dxe5 10. dxe5 Nd5 11. Rd1 h6 12. Be4 O-O 13. Bc2 f5 14. exf6 Rxf6 15.
Rxd5 exd5 16. Qxe7 Qc6 17. Be3 b6 18. c4 dxc4 19. Be4 Qd6 20. Qxd6 Rxd6 21. Nc3
Ra7 22. Bf4 Rf6 23. Nd5 Rf8 24. Bd6 Re8 25. Ne7+ Rxe7 26. Bxe7 Kf7 27. Bh4 Nf6
28. Bxf6 Kxf6 29. Rd1 b5 30. axb5 axb5 31. Bc6 b4 32. h3 Ra2 33. Rc1 Be6 34.
Bb5 c3 35. bxc3 b3 36. Bd3 b2 37. Re1 Ra3 38. Bb1 Rxc3 39. Nd2 Rc1 40. Kf1 c4
41. Ne4+ Kf7 42. Ke2 c3 43. Nxc3 Rxc3 44. Kd2 Rc7 45. Re3 Rc1 46. Re1 Rc7 47.
Re3 Rc1 48. Re1 1/2-1/2

[Event "Open Semana Santa 2023"]
[Site "?"]
[Date "2023.04.08"]
[Round "6.127"]
[White "Molina Ortega, Carlos"]
[Black "Cuadrado Carmona, Javier"]
[Result "1/2-1/2"]
[WhiteElo "1718"]
[BlackElo "2023"]
[PlyCount "119"]

1. e4 e5 2. Nf3 Nc6 3. Bb5 a6 4. Ba4 Nf6 5. Qe2 b5 6. Bb3 Be7 7. O-O d6 8. c3
O-O 9. Rd1 Na5 10. Bc2 c5 11. d3 Nc6 12. Nbd2 Re8 13. Nf1 Bf8 14. Bg5 h6 15.
Bxf6 Qxf6 16. Ne3 Be6 17. a4 b4 18. Nd2 Rab8 19. Ndc4 b3 20. Bb1 Red8 21. a5
Ne7 22. Nb6 Qg5 23. Kh1 d5 24. d4 cxd4 25. cxd4 dxe4 26. d5 Bf5 27. Nxf5 Nxf5
28. Bxe4 Nd4 29. Qxa6 f5 30. Bd3 Bc5 31. Rac1 Bxb6 32. axb6 e4 33. Bc4 Qf6 34.
Qa7 e3 35. fxe3 Nc2 36. b7 Qxb2 37. d6+ Kh7 38. Rb1 Qe5 39. Bxb3 Nxe3 40. Re1
f4 41. Bc2+ Kh8 42. h3 Qd5 43. Rg1 Nxc2 44. Rgd1 Qe4 45. Qxb8 Rxb8 46. d7 Ne3
47. d8=Q+ Rxd8 48. Rxd8+ Kh7 49. Rb2 Nxg2 50. b8=Q Nh4+ 51. Kg1 Qe1+ 52. Kh2
Qg3+ 53. Kh1 Qe1+ 54. Kh2 Nf3+ 55. Kg2 Qg3+ 56. Kf1 Qe1+ 57. Kg2 Qg3+ 58. Kf1
Qe1+ 59. Kg2 Nh4+ 60. Kh2 1/2-1/2

[Event "Open Semana Santa 2023"]
[Site "?"]
[Date "2023.03.08"]
[Round "6.128"]
[White "Roig Squire, Jason"]
[Black "Garcia Almeida, Aitana Maria"]
[Result "1/2-1/2"]
[WhiteElo "2017"]
[BlackElo "1783"]
[Annotator "Usuario"]
[PlyCount "62"]

1. c4 c5 2. Nf3 Nc6 3. g3 e5 4. Nc3 g6 5. Bg2 Bg7 6. O-O Nge7 7. d3 d6 8. a3 a5
9. Rb1 O-O 10. Bd2 Be6 11. Ng5 Bc8 12. Nf3 Rb8 13. Ne1 Be6 14. Qc1 Nf5 15. b3
Qd7 16. Nf3 f6 17. Ne1 Bf7 18. e3 Nfe7 19. e4 Nd4 20. Bh6 b5 21. Bxg7 Kxg7 22.
Nc2 Nec6 23. Nxd4 Nxd4 24. Qd2 b4 25. Ne2 Nxe2+ 26. Qxe2 bxa3 27. Qa2 a4 28.
Qxa3 axb3 29. Rxb3 Ra8 30. Qb2 Ra7 31. Rb1 Be6 $11 1/2-1/2

[Event "Open Semana Santa 2023"]
[Site "?"]
[Date "2023.04.08"]
[Round "6.129"]
[White "Stalhandske, Julien"]
[Black "Perez Travieso, Saul"]
[Result "0-1"]
[WhiteElo "1699"]
[BlackElo "2007"]
[PlyCount "106"]

1. d4 Nf6 2. c4 e6 3. g3 Bb4+ 4. Bd2 Be7 5. Nf3 d5 6. Bg2 O-O 7. O-O c6 8. Qc2
b6 9. Bf4 Bb7 10. Nbd2 Nbd7 11. Rfd1 Nh5 12. e3 Nxf4 13. gxf4 Nf6 14. Rac1 Bd6
15. a3 Qe7 16. c5 Bc7 17. b4 b5 18. Bf1 Nd7 19. Bd3 f5 20. Kf1 Nf6 21. Ke2 Qe8
22. Rg1 Qh5 23. Rg5 Qh6 24. Rcg1 Nh5 25. Kd1 a5 26. Be2 Bd8 27. R5g2 axb4 28.
Ng5 bxa3 29. Nb3 Bc8 30. Kd2 Ra7 31. Bxh5 Qxh5 32. Rg3 Bxg5 33. Rxg5 Qxh2 34.
Kc3 Rff7 35. Qe2 Qh6 36. Qf1 Rfb7 37. Rh1 b4+ 38. Kc2 Qf6 39. Rgh5 g6 40. Qg1
Rg7 41. Rg5 Ba6 42. Qe1 Bc4 43. Qb1 Qd8 44. Rgg1 Bxb3+ 45. Qxb3 Qa5 46. Ra1 Qb5
47. Kd2 Qc4 48. Rhb1 Rgb7 49. f3 Qc3+ 50. Qxc3 bxc3+ 51. Kxc3 Rxb1 52. Rxb1 a2
53. Ra1 h5 0-1

[Event "Open Semana Santa 2023"]
[Site "?"]
[Date "2023.04.08"]
[Round "6.130"]
[White "Montano Alvarez, Antonio Jose"]
[Black "Martinez Soriano, Javier"]
[Result "0-1"]
[WhiteElo "1685"]
[BlackElo "2006"]
[PlyCount "64"]

1. e4 e6 2. Nf3 d5 3. Nc3 Nf6 4. e5 Nfd7 5. d4 c5 6. dxc5 Bxc5 7. Bd3 Nc6 8.
Bf4 Qb6 9. O-O a6 10. Qe2 Be7 11. Rab1 O-O 12. a3 Qc7 13. Bg3 b5 14. Nxd5 exd5
15. e6 Bd6 16. exd7 Bxd7 17. c3 Rfe8 18. Qc2 g6 19. Bxd6 Qxd6 20. h3 Qf6 21.
Nh2 h5 22. Rfe1 d4 23. Rxe8+ Rxe8 24. Rc1 dxc3 25. Qxc3 Qxc3 26. bxc3 Ne5 27.
Bf1 Rc8 28. f4 Nc4 29. a4 bxa4 30. Nf3 a5 31. Ne5 Nxe5 32. fxe5 Rc5 0-1